01238nab a2200217uuc4500001000800000005001700008008004100025035001200066035002100078040001300099041000800112100003600120245010900156520045800265650002100723650002200744700002800766700003200794700003100826773016300857119237420240202094159.0100308e20081201 spa  a1192374 a(OCoLC)820529273 ccomduadb aspa10aFlorez Gongora, C. H.4auteaut10aEstabilizacion química de suelos expansivos de San José de Cucuta (Colombia) usando cenizas volantes3 aSe presentan los resultados de la estabilización química de los suelos expansivos de una zona representativa de San José de Cúcuta, donde se han observado daños en construcciones livianas como consecuencia de la expansión-retracción del suelo por la variación constante de la humedad. Para lograr la estabilización del suelo arcilloso, se propone como aditivo químico cenizas volantes, analizando sus posibles ventajas y desventajas. aCenizas volantes aSuelos arcillosos10aZarate C., R.4auteaut10aCaicedo O., Z. K.4auteaut10aContreras, B. A.4auteaut0 tRespuestas : Revista de la Universidad Francisco de Paula Santander (Cúcuta)gVolumen 13, Número 02, Diciembre de 2008, p. 19-31w578438z0122820X0142413